000
00461nam a2200169Ia 4500
008
090711s9999 xx 000 0 und d
082
_b
52175
100
_a
पाटील पद्माकर
245
_a
महानगर
260
_c
1985
300
_a
164
600
_a
पाटील पद्माकर
630
_a
महानगर
700
_a
पाटील पद्माकर
730
_a
महानगर
942
_c
BOOK
999
_c
309819
_d
309819